000 00539nam a22001697a 4500
003 CEME
005 20210628210706.0
008 210211b xxu||||| |||| 00| 0 eng d
020 _a0-521-59463-4
040 _c.
082 _a620.0011 CHA
100 _aDym, Clive.L Rosenberg, James.J Cha, Philip.D
_980573
245 _aFundamentals of modeling and analyzing engineering systems
260 _aNEW YORK
_bCAMBRIDGE UNIVERSITY PRESS
_c2000
650 _aMATHEMATICAL MODELS SYSTEM ANALYSIS ENGINEERING SYSTEMS
_980574
942 _cBK
_2ddc
999 _c585481
_d585481